00614nam a2200181Ia 4500082001200000100002800012245009300040260003800133300001000171650004300181650004900224650001400273650002600287650002800313650002700341650004900368710001500417 aTS.0854 aSingh, Narendra Bahadur 0aImpact of new technology on the use of air power: A case study of Arab-Israeli War, 1973 c1994bJawaharlal Nehru University a384p. aGULF WAR, 1991//PERSIAN GULF WAR, 1991 aARAB-ISRAEL WAR, 1973//ISRAEL-ARAB WAR, 1973 aAIR POWER aISRAEL-ARAB WAR, 1973 aMECHANIZATION, MILITARY aPERSIAN GULF WAR, 1991 aWARFARE, MECHANIZED//MECHANIZATION, MILITARY aZuberi, M.